00491cam a2200157 4500020001500000041000800015082001900023100002200042245003100064260004700095300001100142490003100153500010300184500002800287650001800315 a0825431034 aENG00a227.92077bLEI1 aLeighton, Robert,10aCommentary on First Peter. aGrand Rapids,bKregel Publicationsc[1972] a511 p.0 aThe Kregel reprint library aPrevious editions published under title: A practical commentary on the First Epistle of St. Peter. aReprint of the 1853 ed. aBible - Peter